000 00501nam a2200181 i 4500
001 41247
003 ES-MaACL
005 20231216062905.0
007 t|
008 030310s1968 sp ||||1| spa d
100 1 _aCarandell, Luis,
_d1929-2002
_934959
245 1 4 _aLos españoles /
_cLuis Carandell.
250 _a1ª ed.
260 _aBarcelona :
_bCultura Popular,
_c[1968]
300 _a128 p., 8 lám. ;
_c22 cm.
852 _aES-MaACL
_jC-47805
_bR.65982
999 _c41247
_d41247